000 00756nab a2200229 u 4500
001 16267
003 HDC
007 cr bn ---aaaaa
008 210220c20060519my dr|noo 0 a may d
040 _aHDC
245 0 _aImport kosmetik tanpa label 'Halal' dibenarkan
260 _a[No place] :
_b[publisher not identified],
_c2006
336 _atext
_2rdacontent
337 _acomputer
_2rdamedia
338 _aonline resource
_2rdacarrier
650 _ahalal cosmetics
_9359
650 _aimport cosmetics
_916133
856 _zRequest full-text at [email protected]
942 _2lcc
942 _cNEWS
942 _kNWSO 005670
999 _c13583
_d13583